La casa de Isabel la Católica : (Record n. 5477)
[ formato base ]
| 000 -LEADER | |
|---|---|
| fixed length control field | 00947nam a2200241 i 4500 |
| 003 - CONTROL NUMBER IDENTIFIER | |
| control field | IT-RoINE |
| 005 - DATE AND TIME OF LATEST TRANSACTION | |
| control field | 20200117060015.0 |
| 008 - FIXED-LENGTH DATA ELEMENTS--GENERAL INFORMATION | |
| fixed length control field | 050425s2005 sp | r o||| ||spa d |
| 020 ## - INTERNATIONAL STANDARD BOOK NUMBER | |
| International Standard Book Number | 8489518947 |
| 040 ## - CATALOGING SOURCE | |
| Original cataloging agency | SpMaBN |
| Language of cataloging | spa |
| Transcribing agency | IT-RoINE |
| Description conventions | rdc |
| 100 1# - MAIN ENTRY--PERSONAL NAME | |
| Personal name | González Marrero, María del Cristo |
| 9 (RLIN) | 11657 |
| 245 13 - TITLE STATEMENT | |
| Title | La casa de Isabel la Católica : |
| Remainder of title | espacios domésticos y vida cotidiana / |
| Statement of responsibility, etc | María del Cristo González Marrero. |
| 260 ## - PUBLICATION, DISTRIBUTION, ETC. (IMPRINT) | |
| Place of publication, distribution, etc | Ávila : |
| Name of publisher, distributor, etc | Institución Grand Duque de Alba, |
| Date of publication, distribution, etc | 2005. |
| 300 ## - PHYSICAL DESCRIPTION | |
| Extent | 414 p. : |
| Other physical details | il. ; |
| Dimensions | 24 cm. |
| 336 ## - CONTENT TYPE | |
| Source | rdacontent |
| Content type term | text |
| 337 ## - MEDIA TYPE | |
| Source | rdamedia |
| Media type term | unmediated |
| 338 ## - CARRIER TYPE | |
| Source | rdacarrier |
| Carrier type term | volume |
| 504 ## - BIBLIOGRAPHY, ETC. NOTE | |
| Bibliography, etc | Bibliografía: p. 347-364 |
| 600 04 - SUBJECT ADDED ENTRY--PERSONAL NAME | |
| 9 (RLIN) | 11658 |
| Personal name | Isabel |
| Numeration | I, |
| Titles and other words associated with a name | Reina de España, |
| Dates associated with a name | 1451-1504 |
| General subdivision | Residencias y lugares familiares |
| 651 #4 - SUBJECT ADDED ENTRY--GEOGRAPHIC NAME | |
| Geographic name | España |
| General subdivision | Historia |
| Chronological subdivision | 1474-1516 (Reyes Católicos) |
| 9 (RLIN) | 5044 |
| 651 #4 - SUBJECT ADDED ENTRY--GEOGRAPHIC NAME | |
| Geographic name | España |
| General subdivision | Corte y cortesanos |
| -- | Historia |
| Chronological subdivision | 1474-1516 (Reyes Católicos) |
| 9 (RLIN) | 65988 |
| 942 ## - ADDED ENTRY ELEMENTS (KOHA) | |
| Item type | Monografías |
| Withdrawn status | Lost status | Damaged status | Not for loan | Home library | Current library | Date acquired | Total Checkouts | Full call number | Barcode | Date last seen | Price effective from | Koha item type |
|---|---|---|---|---|---|---|---|---|---|---|---|---|
| Iglesia Nacional Española en Roma | Iglesia Nacional Española en Roma | 11/09/2014 | HIS.ESP.2. 235 | 6674 | 11/09/2014 | 11/09/2014 | Monografías |